After series characters - Statistics

General Stats
  • This quiz has been taken 80 times
  • The average score is 10 of 15
Answer Stats
Hint Answer % Correct
Hates ketchup Tessa
98%
Loves books Hardin
96%
Loves pink Molly
79%
Ex-boyfriend Noah
79%
Publisher Christian
72%
Best friend Landon
72%
Loves red Steph
70%
Father 2 Ken
63%
Loves to cook Karen
60%
Publisher's wife Kimberly
60%
Loves flowers Zed
60%
Mother 2 Trish
54%
Mother 1 Carol
42%
Father 1 Richard
30%
He's cute Smith
19%
No matching quizzes found
Score Distribution
Percent of People with Each Score
Percentile by Number Answered
Your Score History
You have not taken this quiz